000 00409nam a2200157Ia 4500
008 230718s9999 xx 000 0 und d
041 _aeng
082 _a658
_bSHO
100 _aShourie Arun
_9167022
245 _aWill The Iron Fence Save A Tree Hollowed By Termites
260 _c2005
_bRupa
300 _a487
365 _cRs.
_b595.00
700 _aShourie Arun
_9167022
906 _d68/6.4.06
_cOTH
_b119
999 _c313633
_d313633